[Event "POHÁR města Říčany 2023"]
[Site "Městské kulturní středisko U labutě"]
[Date "2023.08.27"]
[Round "3.31"]
[White "Andrle, Filip"]
[Black "Dudarec, Elias"]
[Result "1-0"]
[WhiteElo "1848"]
[BlackElo "1380"]
[WhiteFideId "23718749"]
[BlackFideId "23714930"]
[PlyCount "0"]
[EventDate "2023.08.26"]

1. e4 e6 2. d4 d5 3. Nc3 Bb4 4. exd5 exd5 5. Bd3 Nf6 6. Ne2 c6 7. h3 Be6 8. O-O
O-O 9. Nf4 Bd6 10. Re1 Re8 11. Qf3 Nbd7 12. Nce2 Qc7 13. Bd2 Nf8 14. Ng3 h6
15. Nxe6 Nxe6 16. Nf5 h5 17. Nxg7 Nxg7 18. Qxf6 Re6 19. Rxe6 fxe6 20. Qg6 Qf7
21. Qh7+ Kf8 22. Bh6 Qg8 23. Qg6 Qf7 24. Bxg7+ Qxg7 25. Qxe6 Bc7 26. Bg6 1-0

[Event "POHÁR města Říčany 2023"]
[Site "Městské kulturní středisko U labutě"]
[Date "2023.08.27"]
[Round "3.32"]
[White "Cabela, Filip"]
[Black "Hosova, Sandra"]
[Result "1-0"]
[WhiteElo "1631"]
[BlackElo "1898"]
[WhiteFideId "23753552"]
[BlackFideId "397717"]
[PlyCount "0"]
[EventDate "2023.08.26"]

1. e4 e5 2. Nc3 Nc6 3. Bb5 g6 4. Bxc6 bxc6 5. d3 Bg7 6. f4 d6 7. Nf3 Bg4 8. O-O
Nf6 9. Qe1 O-O 10. Nh4 Bd7 11. Bd2 {smutne. krasne pisno a nesmyslne zapasane a
vynechane tahy.} 1-0

[Event "POHÁR města Říčany 2023"]
[Site "Městské kulturní středisko U labutě"]
[Date "2023.08.27"]
[Round "3.33"]
[White "Rossler, Erik"]
[Black "Sedmihradsky, Tomas"]
[Result "1-0"]
[WhiteElo "1394"]
[BlackElo "1768"]
[WhiteFideId "23719761"]
[BlackFideId "23709936"]
[PlyCount "0"]
[EventDate "2023.08.26"]

1. e4 e6 2. d4 d5 3. Nc3 Nf6 4. e5 Nfd7 5. f4 c5 6. Nf3 Nc6 7. Be3 Qb6 8. Qd2
c4 9. Nd1 Qa5 10. Qxa5 Nxa5 11. Bd2 Nc6 12. Ne3 b5 13. a4 b4 14. g4 g6 15. f5 a5
16. fxe6 fxe6 17. g5 Be7 18. Ng4 Nd8 19. Nf6+ Bxf6 20. gxf6 Nf7 21. Rg1 Nb6
22. b3 Bd7 23. h4 O-O-O 24. Bh3 Rdg8 25. Ng5 Nxg5 26. hxg5 Rf8 27. Bg4 Rf7
28. Rh1 Re8 29. Bd1 Kb8 30. c3 cxb3 31. Bxb3 bxc3 32. Bxc3 Nc4 33. Bxc4 dxc4
34. Bxa5 Bc6 35. Rh2 Be4 36. Bb4 Rc8 37. Kd2 Ka8 38. Kc3 Bd3 39. Be7 Rb8 40. Rb2
Rxb2 41. Kxb2 Kb7 42. d5 Bf5 43. Rf1 Kc7 44. Rxf5 Kd7 45. dxe6+ Kxe6 46. Rf4
Kxe5 47. Rxc4 1-0

[Event "POHÁR města Říčany 2023"]
[Site "Městské kulturní středisko U labutě"]
[Date "2023.08.27"]
[Round "3.34"]
[White "Meca, Viktor st."]
[Black "Tichy, Tomas"]
[Result "0-1"]
[WhiteElo "1755"]
[BlackElo "1634"]
[WhiteFideId "23725672"]
[BlackFideId "23715430"]
[PlyCount "0"]
[EventDate "2023.08.26"]

1. e4 c5 2. Nf3 Nc6 3. d4 cxd4 4. Nxd4 Nf6 5. Nc3 e5 6. Ndb5 d6 7. Bg5 a6
8. Na3 b5 9. Bxf6 gxf6 10. Nd5 f5 11. c3 Bg7 12. exf5 Bxf5 13. Nc2 O-O 14. Nce3
Bg6 15. g3 f5 16. Bg2 Kh8 17. O-O Rc8 18. a4 f4 19. gxf4 exf4 20. Nc2 Qg5
21. Kh1 f3 22. Bh3 Qh5 23. Bxc8 Be5 24. h3 Qxh3+ 0-1

[Event "POHÁR města Říčany 2023"]
[Site "Městské kulturní středisko U labutě"]
[Date "2023.08.27"]
[Round "3.35"]
[White "Horyna, Josef"]
[Black "Dudkova, Josefina"]
[Result "1-0"]
[WhiteElo "1689"]
[BlackElo "1587"]
[WhiteFideId "316369"]
[BlackFideId "23712350"]
[PlyCount "0"]
[EventDate "2023.08.26"]

1. d4 Nf6 2. Nf3 e6 3. g3 d5 4. Bg2 c5 5. c3 Nc6 6. O-O Bd6 7. Bg5 O-O 8. Nbd2
Qb6 9. Bxf6 gxf6 10. Qb3 Bd7 11. Qxb6 axb6 12. e4 c4 13. a3 Rfe8 14. exd5 exd5
15. Rfe1 b5 16. Nh4 Be6 17. f4 f5 18. Nhf3 Ra7 19. Kf2 h6 20. Rad1 b4 21. cxb4
Bxb4 22. axb4 Nxb4 23. Kg1 Nd3 24. Ra1 Rxa1 25. Rxa1 Nxb2 26. Ne1 b5 27. Nc2 Bd7
28. Bf1 Nd3 29. Ra7 Bc6 30. Nf3 Nb2 31. Ne5 Rc8 32. Nxf7 h5 33. Nh6+ Kh8
34. Nxf5 1-0

[Event "POHÁR města Říčany 2023"]
[Site "Městské kulturní středisko U labutě"]
[Date "2023.08.27"]
[Round "3.36"]
[White "Kubicek, Daniel"]
[Black "Pavlicek, Petr"]
[Result "1/2-1/2"]
[WhiteElo "1561"]
[BlackElo "1688"]
[WhiteFideId "23718838"]
[BlackFideId "325163"]
[PlyCount "0"]
[EventDate "2023.08.26"]

1. e4 c5 2. d4 cxd4 3. c3 dxc3 4. Nxc3 Nc6 5. Bc4 e6 6. Nf3 d6 7. O-O a6 8. a4
Nge7 9. Re1 Ng6 10. b3 Be7 11. Bb2 Bf6 12. Rc1 O-O 13. Ba3 Be7 14. Bb2 1/2-1/2

[Event "POHÁR města Říčany 2023"]
[Site "Městské kulturní středisko U labutě"]
[Date "2023.08.27"]
[Round "3.37"]
[White "Stufka, Martin"]
[Black "Gacho, Ondrej"]
[Result "1-0"]
[WhiteElo "1258"]
[BlackElo "1659"]
[WhiteFideId "23748800"]
[BlackFideId "23718102"]
[PlyCount "0"]
[EventDate "2023.08.26"]

1. d4 d5 2. c4 e6 3. Nc3 Nf6 4. Bg5 Be7 5. e3 O-O 6. Nf3 c6 7. Qc2 Nbd7 8. Bd3
dxc4 9. Bxc4 Nd5 10. Bxe7 Qxe7 11. O-O N7b6 12. Be2 f6 13. Rfe1 Bd7 14. a3 Be8
15. Rad1 Bf7 16. Bd3 g6 17. e4 Nf4 18. Bf1 Rfd8 19. g3 Nh5 20. e5 f5 21. Bg2 Rd7
22. Qc1 Kg7 23. Re2 h6 24. b4 a6 25. Rc2 Kh7 26. Ne2 Ng7 27. Nd2 Ne8 28. Nb3 Rc7
29. Nc5 Rd8 30. Rd3 Nd7 31. Rb3 Kg7 32. a4 Rdc8 33. Bf3 Nb6 34. b5 cxb5 35. axb5
Na4 36. bxa6 Nxc5 37. dxc5 bxa6 38. c6 Ra7 39. Rb7 Rc7 40. Qb1 Qd8 41. Ra2 Rcxb7
42. cxb7 Qb8 43. Qb6 Nc7 44. Rb2 Na8 45. Qxa7 Qxa7 46. b8=Q Qd7 1-0

[Event "POHÁR města Říčany 2023"]
[Site "Městské kulturní středisko U labutě"]
[Date "2023.08.27"]
[Round "3.38"]
[White "Lavrincik, Pavel"]
[Black "Osipyan, David"]
[Result "1/2-1/2"]
[WhiteElo "1657"]
[BlackElo "1555"]
[WhiteFideId "320188"]
[BlackFideId "23751827"]
[PlyCount "0"]
[EventDate "2023.08.26"]

1. c4 f5 2. Nc3 Nf6 3. f4 e6 4. Nf3 b6 5. g3 Bb7 6. Bg2 Be7 7. O-O h6 8. d3 O-O
9. Re1 d6 10. e4 fxe4 11. dxe4 Nbd7 12. Nd4 Nc5 13. b4 e5 14. Nf5 Ncd7 15. Nd5
Nxd5 16. cxd5 Bf6 17. Rb1 a5 18. b5 Nc5 19. Be3 a4 20. Qg4 Kh7 21. fxe5 Bxe5
22. Nh4 Rf6 23. Rf1 Qd7 24. Qxd7 Nxd7 25. Bh3 Rxf1+ 26. Rxf1 Nf6 27. Bf5+ Kg8
28. Rc1 Bc8 29. Rxc7 Bxf5 30. Nxf5 Nxe4 31. Bxb6 Nc3 32. Ne7+ Kh7 33. Rc4 Nxb5
34. Nc6 Bc3 35. Kf2 Rf8+ 36. Ke3 a3 37. Rf4 Rxf4 38. gxf4 Kg6 39. Ke4 Kf6
40. Bd8+ Kf7 41. Bb6 Kf6 42. Bd8+ Kf7 43. Kd3 Bb2 44. Ba5 Bc1 45. Nd8+ Kf6
46. Kc4 Na7 47. Bc3+ Kf5 48. Ne6 g6 49. Bb4 Nc8 50. Kb3 Bxf4 51. Nxf4 Kxf4
52. Bxa3 Ke5 53. Bc1 g5 54. Bb2+ Kxd5 55. h3 h5 56. Bf6 g4 57. hxg4 hxg4 58. Bh4
Ke4 59. a4 Nb6 60. a5 Na8 61. Kc2 d5 62. Bf2 Nc7 63. Bb6 Nb5 1/2-1/2

[Event "POHÁR města Říčany 2023"]
[Site "Městské kulturní středisko U labutě"]
[Date "2023.08.27"]
[Round "3.39"]
[White "Chernyy, Andrey"]
[Black "Moravec, Marek"]
[Result "1-0"]
[WhiteElo "1638"]
[BlackElo "1449"]
[WhiteFideId "23723785"]
[BlackFideId "23764155"]
[PlyCount "0"]
[EventDate "2023.08.26"]

1. e4 e5 2. Nf3 Nc6 3. Bb5 a6 4. Ba4 Nf6 5. d3 b5 6. Bb3 Bc5 7. Nc3 d6 8. Nd5
h6 9. Nxf6+ Qxf6 10. Bd5 Bd7 11. c3 Rb8 12. Be3 Ne7 13. Bb3 Bb6 14. h3 O-O
15. Qe2 Be6 16. Bxe6 Qxe6 17. g4 f6 18. h4 Qxg4 19. Rg1 Qh5 20. O-O-O Bxe3+
21. Qxe3 c5 22. Rg2 Kh8 23. Rdg1 Rg8 24. Kb1 a5 25. d4 cxd4 26. cxd4 exd4
27. Nxd4 Qf7 28. Qf4 Rb6 29. Rc1 Ng6 30. Qg4 Ne5 31. Qf5 Qd7 32. Ne6 d5 33. exd5
Qxd5 34. Nf4 Qd6 35. Rcg1 Rc6 36. Ng6+ Nxg6 37. Rxg6 Rc5 38. Qg4 Qd3+ 39. Ka1
Rgc8 40. Rxh6+ 1-0

[Event "POHÁR města Říčany 2023"]
[Site "Městské kulturní středisko U labutě"]
[Date "2023.08.27"]
[Round "3.40"]
[White "Glasberger, Roman"]
[Black "Havelka, Petr"]
[Result "1-0"]
[WhiteElo "1555"]
[BlackElo "1782"]
[WhiteFideId "398799"]
[BlackFideId "323560"]
[PlyCount "0"]
[EventDate "2023.08.26"]

1. e4 d5 2. exd5 Nf6 3. d4 Nxd5 4. c4 Nf6 5. Nf3 Bg4 6. Be2 e6 7. O-O c6 8. h3
Bh5 9. Be3 Be7 10. Nc3 O-O 11. Qc2 Na6 12. a3 Nc7 13. Rad1 Qc8 14. Rfe1 Rd8
15. Bf4 h6 16. Be5 Nce8 17. b4 a5 18. Qb3 Nd7 19. c5 Nxe5 20. dxe5 axb4 21. axb4
Rxd1 22. Rxd1 Qc7 23. g4 Bg6 24. Bd3 Bxd3 25. Rxd3 Rd8 26. Ne4 b6 27. Rxd8 Qxd8
28. Nd6 bxc5 29. bxc5 Kf8 30. Qb7 Qc7 31. Qa8 Qd7 32. Nd4 f6 1-0

[Event "POHÁR města Říčany 2023"]
[Site "Městské kulturní středisko U labutě"]
[Date "2023.08.27"]
[Round "3.41"]
[White "Steiner, Juraj"]
[Black "Simak, Ivo"]
[Result "1-0"]
[WhiteElo "1772"]
[BlackElo "1575"]
[WhiteFideId "367516"]
[BlackFideId "390879"]
[PlyCount "0"]
[EventDate "2023.08.26"]

1. d4 b6 2. c4 e6 3. Nc3 c6 4. e4 d5 5. Nf3 h6 6. Ne5 Nf6 7. cxd5 exd5 8. Bd3
Bb4 9. O-O O-O 10. exd5 Bxc3 11. bxc3 cxd5 12. Qf3 Ba6 13. c4 dxc4 14. Qxa8 cxd3
15. Ba3 Re8 16. Qxa7 Qxd4 17. Qxf7+ Kh8 18. Bf8 Rxf8 19. Qxf8+ Kh7 20. Qxb8 d2
21. Nf3 Qb2 22. Rab1 Qc2 23. Qf4 1-0

[Event "POHÁR města Říčany 2023"]
[Site "Městské kulturní středisko U labutě"]
[Date "2023.08.27"]
[Round "3.42"]
[White "Langmaier, Michal"]
[Black "Cizek, Jan"]
[Result "1-0"]
[WhiteElo "1662"]
[BlackElo "1515"]
[WhiteFideId "23727705"]
[BlackFideId "23745703"]
[PlyCount "0"]
[EventDate "2023.08.26"]

1. d4 Nf6 2. c4 g6 3. g3 Bg7 4. Bg2 O-O 5. Nc3 c6 6. Nf3 d6 7. O-O Bf5 8. h3
Ne4 9. Bd2 Nxd2 10. Qxd2 Bc8 11. e4 Nd7 12. Rfe1 c5 13. Rad1 Qc7 14. Nd5 Qd8
15. dxc5 dxc5 16. e5 e6 17. Nc3 Qa5 18. Qc2 Nb8 19. Ne4 Nc6 20. Nd6 Nd4 21. Nxd4
cxd4 22. c5 Rb8 23. Qc4 b6 24. b4 Qa4 25. c6 Bxe5 26. Rxd4 Bxd6 27. Rxd6 Ba6
28. Qc3 Rbc8 29. c7 Qxa2 30. b5 Bxb5 31. Bb7 Rxc7 32. Qxc7 Bc4 33. Rd8 b5
34. Red1 Qe2 35. Rxf8+ Kxf8 36. Qd8+ Kg7 37. Qd4+ e5 38. Qd2 Qh5 39. Bg2 Qf5
40. Re1 Qe6 41. Qe3 a5 42. Qxe5+ Qxe5 43. Rxe5 a4 44. Bf1 1-0

[Event "POHÁR města Říčany 2023"]
[Site "Městské kulturní středisko U labutě"]
[Date "2023.08.27"]
[Round "3.43"]
[White "Sboev, Kirill"]
[Black "Ocelak, David"]
[Result "0-1"]
[WhiteElo "1542"]
[BlackElo "1640"]
[WhiteFideId "23732245"]
[BlackFideId "23728795"]
[PlyCount "0"]
[EventDate "2023.08.26"]

1. d4 Nf6 2. c4 g6 3. Nc3 Bg7 4. Nf3 d6 5. e3 O-O 6. Bd3 Nbd7 7. O-O e5 8. dxe5
Nxe5 9. Nxe5 dxe5 10. h3 Be6 11. e4 c6 12. Bg5 Qc7 13. Qf3 Nd7 14. Qe3 f5 15. f4
Rae8 16. fxe5 Nxe5 17. Qe2 h6 18. Bf4 g5 19. Bxe5 Qxe5 20. exf5 Qd4+ 21. Kh1
Bxf5 22. Qd2 Qxd3 0-1

[Event "POHÁR města Říčany 2023"]
[Site "Městské kulturní středisko U labutě"]
[Date "2023.08.27"]
[Round "3.44"]
[White "Pogorelskiy, Boris"]
[Black "Dejmek, Tomas"]
[Result "1-0"]
[WhiteElo "1445"]
[BlackElo "1626"]
[WhiteFideId "34365478"]
[BlackFideId "23719222"]
[PlyCount "0"]
[EventDate "2023.08.26"]

1. e4 e5 2. Nf3 Nc6 3. Bc4 Bc5 4. c3 Nf6 5. d3 d6 6. a4 a6 7. h3 Be6 8. Bxe6
fxe6 9. Be3 b6 10. b4 Bxe3 11. fxe3 O-O 12. Qc2 d5 13. exd5 exd5 14. O-O Qe7
15. Nbd2 d4 16. exd4 exd4 17. Rfe1 Qd7 18. cxd4 Nxb4 19. Qc4+ Nbd5 20. Ne5 Qf5
21. Ne4 Kh8 22. Rab1 a5 23. Rf1 Qh5 24. Nc3 Nxc3 25. Qxc3 Qh4 26. Nf7+ Kg8
27. Qc4 g6 28. Nd8+ Kg7 29. Qxc7+ Kg8 30. Rxb6 1-0

[Event "POHÁR města Říčany 2023"]
[Site "Městské kulturní středisko U labutě"]
[Date "2023.08.27"]
[Round "3.45"]
[White "Sadil, Pavel"]
[Black "Pechanek, Krystof Jan"]
[Result "1-0"]
[WhiteElo "1615"]
[BlackElo "1493"]
[WhiteFideId "23710373"]
[BlackFideId "23719869"]
[PlyCount "0"]
[EventDate "2023.08.26"]

1. d4 f5 2. e3 Nf6 3. Nf3 g6 4. b3 Bg7 5. Bb2 d6 6. Bc4 Bd7 7. Ng5 d5 8. Bd3 h6
9. Nf3 O-O 10. Ne5 Kh7 11. Nd2 Ne4 12. Ndf3 g5 13. Bxe4 fxe4 14. Nxg5+ hxg5
15. Qh5+ Kg8 16. Qxg5 e6 17. Qg4 Qf6 18. O-O Be8 19. Ba3 Nd7 20. Bxf8 Kxf8
21. f4 Ke7 22. Rf2 Nxe5 23. fxe5 Qh6 24. Raf1 Bh5 25. Qh4+ Kd7 26. g4 Rg8 1-0

[Event "POHÁR města Říčany 2023"]
[Site "Městské kulturní středisko U labutě"]
[Date "2023.08.27"]
[Round "3.46"]
[White "Bara, Jan"]
[Black "Borecky, Andrej"]
[Result "1-0"]
[WhiteElo "1581"]
[BlackElo "1394"]
[WhiteFideId "23716150"]
[BlackFideId "23752670"]
[PlyCount "0"]
[EventDate "2023.08.26"]

1. d4 Nf6 2. c4 c5 3. d5 e6 4. Nc3 exd5 5. cxd5 d6 6. e4 g6 7. f4 Bg7 8. Bb5+
Bd7 9. Bxd7+ Nbxd7 10. Nf3 O-O 11. O-O Re8 12. Re1 a6 13. a4 b6 14. h3 h6
15. Qc2 Rb8 16. e5 dxe5 17. fxe5 Nh7 18. Bf4 g5 19. Bg3 Nhf8 20. e6 fxe6
21. Bxb8 Qxb8 22. dxe6 Nxe6 23. Qd3 Ne5 24. Nxe5 Bxe5 25. Qd5 Bd4+ 26. Kh1 Qc8
27. Ne4 Kg7 28. Nd6 Nf4 29. Nxe8+ Kh8 30. Qf7 Nxh3 31. Qf8+ Kh7 32. Re7+ 1-0